Nghệ thuật cắm hoa hiện đại Phương Tây

Salvato in:
Dettagli Bibliografici
Autore principale: Bích Ty
Natura: Libro
Lingua:Undetermined
Pubblicazione: Thành phố Hồ Chí Minh Trẻ 2000
Soggetti:
Tags: Aggiungi Tag
Nessun Tag, puoi essere il primo ad aggiungerne! !
Thư viện lưu trữ: Trung tâm Học liệu Trường Đại học Cần Thơ
LEADER 00524nam a2200181Ia 4500
001 CTU_37779
008 210402s9999 xx 000 0 und d
082 |a 745.92 
082 |b Ngh250 
100 |a Bích Ty 
245 0 |a Nghệ thuật cắm hoa hiện đại Phương Tây 
245 0 |c Bích Ty 
260 |a Thành phố Hồ Chí Minh 
260 |b Trẻ 
260 |c 2000 
650 |a Flower arrangement 
904 |i T.Trang (sửa) 
980 |a Trung tâm Học liệu Trường Đại học Cần Thơ